Thư báo bằng tiếng Anh

Guardado en:
Detalles Bibliográficos
Formato: Libro
Lenguaje:Undetermined
Publicado: Thành phố Hồ Chí Minh Tổng hợp Thành phố Hồ Chí Minh 2004
Materias:
Etiquetas: Agregar Etiqueta
Sin Etiquetas, Sea el primero en etiquetar este registro!
Thư viện lưu trữ: Trung tâm Học liệu Trường Đại học Cần Thơ
LEADER 00494nam a2200169Ia 4500
001 CTU_93959
008 210402s9999 xx 000 0 und d
020 |c 28000 
082 |a 428 
082 |b Th550 
245 0 |a Thư báo bằng tiếng Anh 
260 |a Thành phố Hồ Chí Minh 
260 |b Tổng hợp Thành phố Hồ Chí Minh 
260 |c 2004 
650 |a Letter writing 
904 |i Tuyến 
980 |a Trung tâm Học liệu Trường Đại học Cần Thơ